00864nas a2200229Ia 4500001001100000003000900011008004100020040001300061040001300074041001300087100004500100210001400145222001400159245008300173250001100256260005000267501008600317300001700403362003500420500014300455650003600598R007/H9383IT-RoPAU151124c99999999xx |||||||||||| ||und|| aIT-RoPAU cIT-RoPAU aITALIANO aBianchi PietrogCodice Aut. SPICS: 9187 aCINEFORUM aCineforum aCINEFORUM, ANNO 49-N.488 (OTTOBRE 2009)bInformant! (The) di Steven Soderbergh a1a ed. aBERGAMObFEDERAZIONE ITALIANA CINEFORUMc2009 bPaulus - SPICS - Società San Paolo EM (non-commercial uses only)cCopyright2015 a3 p. [25-27] aANNO 049, N.488 (OTTOBRE 2009) aScheda, Trama e Recensione del Film. Logica del Capitalismo: Immagine Mancante; Svelamento della Morale; Opacità della Voce Fuori Campo. aCINEMAvPUBBLICAZIONE PERIODICA